Memories of the Holocaust: Slovak bystanders
| Titel: | Memories of the Holocaust: Slovak bystanders / Monika Vrzgulová |
|---|---|
| Verfasser: | |
| In: |
Holocaust studies, Band 23, Heft 1-2 (2017), Seite 99-111 alle Artikel anzeigen Jews and gentiles in Central and Eastern Europe during the Holocaust, Band 23, Heft 1-2 (2017), Seite 99-111 alle Artikel anzeigen |
| Veröffentlicht: | 2017 |
| Format: | Aufsatz |
| Sprache: | Englisch |
X
alg: 49375203
001A $03025:26-04-22
001B $01999:26-04-22 $t23:18:15.000
001D $03025:26-04-22
001U $0utf8
001X $00
002@ $0Oou
002C $aText $btxt $2rdacontent
002D $aComputermedien $bc $2rdamedia
002E $aOnline-Ressource $bcr $2rdacarrier
003@ $049375203X
007A $049375203X $aHEB
009Q $uhttps://doi.org/10.1080/17504902.2016.1209841 $xH
010@ $aeng
010E $erda
011@ $a2017
021A $aMemories of the Holocaust: Slovak bystanders $hMonika Vrzgulová
028A $BVerfasser $#Vrzgula, Monika $4aut $7132263793 $8Vrzgulová, Monika$Z1965- [Tp3] $9182394107
031A $d23 $e1-2 $h99-111 $j2017
039B $aEnthalten in $8--Obvc--. Holocaust studies. - Abingdon {[u.a.] : Routledge, 2005-. - Online-Ressource. - ISSN 2048-4887 $x201700000230001901 $9303643609
039B $aEnthalten in $8--Aau--. Jews and gentiles in Central and Eastern Europe during the Holocaust. - London : Routledge, 2018. - ix, 230 Seiten. - 1 Illustration, 1 Diagramm. - ISBN 978-1-138-06132-3 $9419319042
044K $RTschechoslowakei $RTschechoslowakei $#Slowakei $#Slowakei $#Slowakische Republik $#Oberungarn $#Slovensko $#Slovenská Republika $#Slovenská SR $#SSR $#Slovakia $#Slovaquie $#Slovak Republic $#République Slovaque $#Slovenská Socialistická Republika $#Slowakische Sozialistische Republik $#Slovak Socialist Republic $#République Socialiste Slovaque $74055297-4 $8Slowakei [Tg1] $9085153834
044K $RJudenverfolgung $RNationalsozialistisches Verbrechen $RVernichtungslager $#Holocaust, Jewish (1939-1945) $#Shoah $#Holocausto judío (1939-1945) $#Endlösung $#Holocaust $#Holokaust $#Judenfrage Endlösung $#Schoah $#Shoah $#Shoʾah $#Shoa $#Drittes Reich Judenvernichtung $#Šô'ā $#Juden Vernichtung $74073091-8 $8Judenvernichtung [Ts1] $9085205818
044K $RGedächtnis $RGedenken $#Recollection (Psychology) $#Rappel (psychologie) $#Erinnerung $#Erinnern $74015272-8 $8Erinnerung [Ts1] $9085034711
044K $RPolitische Identität $RGeschichtsbild $RGeschichtsdenken $#Conscience historique $#Geschichtsbewusstsein $#Historisches Bewusstsein $#Geschichtsverständnis Geschichtsbewusstsein $#Geschichtskultur $74020526-5 $8Geschichtsbewusstsein [Ts1] $9085049387
045F $a907.1094370904 $eDDC23BSB
045F/01 $a907.1
045F/03 $f0904
045F/03 $g437
045F/03 $g4373
045G $a909.04924094370904 $eDDC23BSB
045G/01 $a909.04924
045G/03 $f0904
045G/03 $g437
045G/03 $g4373
045R $aGeschichte 1940-2005
045T $a8 $a1
045T $aJUDAICA $qDE-30 $2FID
lok: 49375203 78
exp: 49375203 78 1 #EPN
201B/01 $026-04-22 $t16:53:55.000
201C/01 $026-04-22
201U/01 $0utf8
203@/01 $01196330557
208@/01 $a26-04-22 $be
209A/01 $a/ $f000 $x00
209A/01 $ab*p $x01
209A/01 $aEnglische Zusammenfassung, Seite 99 $x03
220C/01 $apgar
244Z/01 $#Slowakei $#Slowakei $#Slowakische Republik $#Oberungarn $#Slovensko $#Slovenská Republika $#Slovenská SR $#SSR $#Slovakia $#Slovaquie $#Slovak Republic $#République Slovaque $#Slovenská Socialistická Republika $#Slowakische Sozialistische Republik $#Slovak Socialist Republic $#République Socialiste Slovaque $74055297-4 $8--Tg1--Slowakei $x01 $9085153834
247C/01 $82080>Marburg/Lahn, Herder-Institut, Forschungsbibliothek, Bibliographieportal $9336309341
| LEADER | 00000caa a2200000 c 4500 | ||
|---|---|---|---|
| 001 | 49375203X | ||
| 003 | DE-603 | ||
| 005 | 20220426231815.0 | ||
| 007 | cr|||||||||||| | ||
| 008 | 220426s2017 xx |||| o| u00||u|eng c | ||
| 035 | |a (DE-599)HEB49375203X | ||
| 040 | |a DE-603 |b ger |c DE-603 |d DE-603 |e rda | ||
| 041 | |a eng | ||
| 082 | 0 | 4 | |8 1\u |a 907.1094370904 |q DE-101 |2 23/BSB |
| 083 | 0 | |8 2\u |a 909.04924094370904 |q DE-101 |2 23/BSB | |
| 084 | |a 8 |a 1 |2 ssgn | ||
| 084 | |a JUDAICA |q DE-30 |2 fid | ||
| 085 | |8 1\u |b 907.1 | ||
| 085 | |8 1\u |z 1 |s 0904 | ||
| 085 | |8 1\u |z 2 |s 437 | ||
| 085 | |8 1\u |z 2 |s 4373 | ||
| 085 | |8 2\u |b 909.04924 | ||
| 085 | |8 2\u |z 1 |s 0904 | ||
| 085 | |8 2\u |z 2 |s 437 | ||
| 085 | |8 2\u |z 2 |s 4373 | ||
| 100 | 1 | |a Vrzgulová, Monika |d 1965- |e Verfasser |4 aut |0 (DE-603)182394107 |0 (DE-588)132263793 |2 gnd | |
| 245 | 0 | 0 | |a Memories of the Holocaust: Slovak bystanders |c Monika Vrzgulová |
| 264 | 0 | |c 2017 | |
| 336 | |a Text |b txt |2 rdacontent | ||
| 337 | |a Computermedien |b c |2 rdamedia | ||
| 338 | |a Online-Ressource |b cr |2 rdacarrier | ||
| 648 | 7 | |a Geschichte 1940-2005 |2 gnd | |
| 650 | 7 | |a Judenvernichtung |0 (DE-588)4073091-8 |0 (DE-603)085205818 |2 gnd | |
| 650 | 7 | |a Erinnerung |0 (DE-588)4015272-8 |0 (DE-603)085034711 |2 gnd | |
| 650 | 7 | |a Geschichtsbewusstsein |0 (DE-588)4020526-5 |0 (DE-603)085049387 |2 gnd | |
| 651 | 7 | |a Slowakei |0 (DE-588)4055297-4 |0 (DE-603)085153834 |2 gnd | |
| 773 | 0 | 8 | |i Enthalten in |t Holocaust studies |d Abingdon [u.a.] : Routledge, 2005- |h Online-Ressource |x 2048-4887 |g Band 23, Heft 1-2 (2017), Seite 99-111 |w (DE-603)303643609 |w (DE-600)2668830-X |
| 773 | 0 | 8 | |i Enthalten in |t Jews and gentiles in Central and Eastern Europe during the Holocaust |d London : Routledge, 2018 |h ix, 230 Seiten, 1 Illustration, 1 Diagramm |z 9781138061323 |g Band 23, Heft 1-2 (2017), Seite 99-111 |w (DE-603)419319042 |
| 856 | |u https://doi.org/10.1080/17504902.2016.1209841 |x Verlag | ||
| 924 | 1 | |9 2080 |a (DE-603)1196330557 |b DE-2080 |c HES |d d |g / | |


